| Tag |
First Indicator |
Second Indicator |
Subfields |
| LEADER |
00000ctm a2200000Ia 4500 |
| 001 |
in00000020429 |
| 005 |
20220104090747.0 |
| 008 |
880713s1986 xx a bm 000 0 eng d |
| 035 |
|
|
|9 AAB3340AM
|
| 035 |
|
|
|a (OCoLC)18208252
|
| 035 |
|
|
|a (OCoLC)ocm18208252
|
| 040 |
|
|
|a TXA
|b eng
|c TXA
|d OCLCQ
|d OCLCF
|d OCLCQ
|d OCLCO
|d OCLCA
|d TXA
|
| 043 |
|
|
|a n-us-tx
|
| 049 |
|
|
|a TXAM
|
| 099 |
|
|
|a 1986
|a Disser-
|a tation
|a B941
|
| 100 |
1 |
|
|a Bumroongsook, Suvarin,
|d 1958-
|
| 245 |
1 |
0 |
|a Population biology of and the impact of Araneae, on the blackmargined aphid and the yellow pecan aphid (Homoptera:Aphididae) in Texas /
|
| 264 |
|
1 |
|c 1986.
|
| 300 |
|
|
|a xiii, 113 leaves :
|b illustrations ;
|c 29 cm
|
| 336 |
|
|
|a text
|b txt
|2 rdacontent
|
| 337 |
|
|
|a unmediated
|b n
|2 rdamedia
|
| 338 |
|
|
|a volume
|b nc
|2 rdacarrier
|
| 500 |
|
|
|a "Major subject: Entomology."
|
| 500 |
|
|
|a Typescript (photocopy).
|
| 500 |
|
|
|a Vita.
|
| 502 |
|
|
|b Ph. D.
|c Texas A & M University
|d 1986
|
| 504 |
|
|
|a Includes bibliographical references (leaves 106-112).
|
| 520 |
3 |
|
|a Field studies were conducted at College Station, Texas in 1984-1986 to examine the population biology of the yellow pecan aphid complex. Populations of blackmargined aphids (M. caryella) were highly variable among pecan leaves. Leaves exposed to prior aphid feeding had fewer aphid-days than leaves in the control cages in early- and mid-season, but the reverse occurred in late-season. Blackmargined aphids were smaller as populations increased. There was no relationship between leaves exposed to heavy prolonged aphid feeding and water potential of the pecan tree. Studies on distribution of aphids on a pecan leaf cluster showed that yellow pecan aphids and blackmargined aphids reproduced and colonized their population on the younger and larger leaves better than the older and smaller leaves of the same cluster. Prior aphid feeding by either of these two aphid species caused the leaves to become less suitable for growth and development of the other aphid species. Thirty two genera from eleven families of spiders were collected from pecan trees, but only 16 genera from 5 families fed on blackmargined pecan aphids in nature. Spider feeding test's studies showed that generally a spider fed on more M. caryella under the laboratory conditions than under field conditions.
|
| 650 |
|
0 |
|a Aphids
|x Biological control
|z Texas.
|
| 650 |
|
0 |
|a Aphids
|z Texas.
|
| 650 |
|
0 |
|a Insect populations
|z Texas.
|
| 650 |
|
0 |
|a Pecan
|x Diseases and pests
|z Texas.
|
| 650 |
|
0 |
|a Spiders
|z Texas.
|
| 650 |
|
4 |
|a Major entomology.
|
| 650 |
|
7 |
|a Aphids.
|2 fast
|0 (OCoLC)fst01721098
|
| 650 |
|
7 |
|a Aphids
|x Biological control.
|2 fast
|0 (OCoLC)fst01721100
|
| 650 |
|
7 |
|a Insect populations.
|2 fast
|0 (OCoLC)fst00974025
|
| 650 |
|
7 |
|a Pecan
|x Diseases and pests.
|2 fast
|0 (OCoLC)fst01056286
|
| 650 |
|
7 |
|a Spiders.
|2 fast
|0 (OCoLC)fst01129749
|
| 651 |
|
7 |
|a Texas.
|2 fast
|0 (OCoLC)fst01210336
|
| 655 |
|
7 |
|a Academic theses
|2 lcgft
|
| 700 |
1 |
|
|a Gilstrap, Frank E.,
|e degree committee member.
|
| 700 |
1 |
|
|a Harris, Marvin K.,
|e degree supervisor.
|
| 700 |
1 |
|
|a Jenkins, Omer C.,
|e degree committee member.
|
| 700 |
1 |
|
|a Story, J. Benton,
|e degree committee member.
|
| 700 |
1 |
|
|a Van Cleave, Horace W.,
|e degree committee member.
|
| 710 |
2 |
|
|a Texas A & M University,
|e degree granting institution.
|
| 856 |
4 |
1 |
|u http://proxy.library.tamu.edu/login?url=http://proquest.umi.com/pqdweb?did=752633891&sid=1&Fmt=2&clientId=2945&RQT=309&VName=PQD
|z Link to ProQuest copy
|t 0
|
| 856 |
4 |
1 |
|u https://hdl.handle.net/1969.1/DISSERTATIONS-26844
|z Link to OAKTrust copy
|t 0
|
| 994 |
|
|
|a C0
|b TXA
|
| 999 |
f |
f |
|s a853dbd6-3cc6-3f96-a498-176187012392
|i 7b2cf5b8-9e3a-3ceb-a3c6-d52953bfbd1d
|t 0
|
| 952 |
f |
f |
|p noncirc
|a Texas A&M University
|b J.J. Pickle Campus
|c High Density Repository
|s HDR
|d Remote Storage
|t 0
|e 1986 Dissertation B941
|h Other scheme
|i unmediated -- volume
|m A14839621149
|
| 952 |
f |
f |
|a Texas A&M University
|b College Station
|c Electronic Resources
|s www_evans
|d Available Online
|t 0
|e 1986 Dissertation B941
|h Other scheme
|
| 998 |
f |
f |
|a 1986 Dissertation B941
|t 0
|l Remote Storage
|
| 998 |
f |
f |
|a 1986 Dissertation B941
|t 0
|l Available Online
|